Novissima recopilación de las leyes del Reino de Navarra hechas en sus Cortes Generales desde 1512 hasta 1716 inclusive (Record no. 112707)

MARC details
000 -LEADER
campo de control de longitud fija 00947nam a2200241 i 4500
001 - NÚMERO DE CONTROL
campo de control 112707
003 - IDENTIFICADOR DE NÚMERO DE CONTROL
campo de control ES-MaACL
005 - FECHA Y HORA DE LA ÚLTIMA TRANSACCIÓN
campo de control 20250809044623.0
007 - CAMPO FIJO DE DESCRIPCIÓN FÍSICA--INFORMACIÓN GENERAL
campo de control de longitud fija t|
008 - DATOS DE LONGITUD FIJA--INFORMACIÓN GENERAL
campo de control de longitud fija 061121s1964 sp r ||||1| spa d
110 2# - ENTRADA PRINCIPAL--NOMBRE DE ENTIDAD CORPORATIVA
Nombre de entidad corporativa o nombre de jurisdicción como elemento de entrada Navarra.
Título de la obra [Leyes, etc.]
9 (RLIN) 5987
245 10 - MENCIÓN DEL TÍTULO
Título Novissima recopilación de las leyes del Reino de Navarra hechas en sus Cortes Generales desde 1512 hasta 1716 inclusive
Resto del título : edición realizada conforme a la obra de D. Joaquin de Elizondo, año 1735.
260 ## - PUBLICACIÓN, DISTRIBUCIÓN, ETC.
Lugar de publicación, distribución, etc. Pamplona :
Nombre del editor, distribuidor, etc. Diputación Foral de Navarra,
Fecha de publicación, distribución, etc. 1964.
300 ## - DESCRIPCIÓN FÍSICA
Extensión 3 v. ;
Dimensiones 22 cm.
490 1# - MENCIÓN DE SERIE
Mención de serie Biblioteca de derecho foral ;
Designación de volumen o secuencia 2
650 #7 - PUNTO DE ACCESO ADICIONAL DE MATERIA--TÉRMINO DE MATERIA
Término de materia o nombre geográfico como elemento de entrada Derecho-
Subdivisión geográfica Navarra (Reino)
Fuente del encabezamiento o término
9 (RLIN) 163036
700 1# - ENTRADA AGREGADA--NOMBRE PERSONAL
Nombre de persona Elizondo, Joaquín de.
9 (RLIN) 47013
710 2# - ENTRADA AGREGADA--NOMBRE DE ENTIDAD CORPORATIVA
Nombre de entidad corporativa o nombre de jurisdicción como elemento de entrada Institución Príncipe de Viana
9 (RLIN) 4730
830 00 - PUNTO DE ACCESO ADICIONAL DE SERIE-TÍTULO UNIFORME
Título uniforme Biblioteca de derecho foral
Designación de volumen o secuencia 2
9 (RLIN) 181069
852 ## - LOCALIZACIÓN
Ubicación ES-MaACL
Número de control de estantería C-27461-3
Sublocalización o colección R.56248
852 ## - LOCALIZACIÓN
Ubicación ES-MaACL
Número de control de estantería C-26416-8
Sublocalización o colección R.55513
Holdings
Estatus retirado Estado de pérdida Estado de daño No para préstamo Biblioteca de origen Biblioteca actual Ubicación en estantería Fecha de adquisición Fuente de adquisición Total de préstamos Signatura topográfica completa Código de barras Visto por última vez Precio de reemplazo Tipo de ítem Koha
        Biblioteca del Ateneo de Madrid Biblioteca del Ateneo de Madrid Depósito 2 17/01/2008     C-26416-8 1117565 23/02/2023 23/02/2023 Libro impreso
        Biblioteca del Ateneo de Madrid Biblioteca del Ateneo de Madrid Depósito 2 17/01/2008     C-27461-3 1117564 23/02/2023 23/02/2023 Libro impreso